3 Random Famous Men by First Name - Statistics

General Stats
  • This quiz has been taken 512 times
  • The average score is 14 of 24
Answer Stats
Name Clue Person % Correct
Abraham John Wilkes Booth's victim Abraham Lincoln
100%
Adolf The most famous "Führer" Adolf Hitler
100%
"Psycho" director who was called "Master of Suspense" Alfred Hitchcock
100%
Alfred Dynamite inventor Alfred Nobel
100%
Benjamin He's on the $100 bill Benjamin Franklin
100%
Bill President who had an affairwith Monica Lewinsky Bill Clinton
100%
Former world's richest man Bill Gates
100%
Bob Reggae musician Bob Marley
100%
Bruce "Enter the Dragon" martial artist Bruce Lee
100%
Charlie Silent film star Charlie Chaplin
100%
Chris Stand-up comedian who wasslapped by Will Smith Chris Rock
100%
Christian Starred as Batman Christian Bale
100%
Colin "The King's Speech" actor Colin Firth
100%
Hugh Actor who played Wolverine Hugh Jackman
100%
Isaac Struck by a falling apple Isaac Newton
100%
Jackie "Rush Hour" martial artist Jackie Chan
100%
Jim Portrayed Ace Ventura andstarred in "The Mask" Jim Carrey
100%
Joe Oldest U.S. president ever Joe Biden
100%
John The Beatles member John Lennon
100%
Karl "Das Kapital" author Karl Marx
100%
Kevin He starred and directed"Dances with Wolves" Kevin Costner
100%
Luke He took out the Death Star Luke Skywalker
100%
Director of "Goodfellas" Martin Scorsese
100%
Mike Boxer and ear biter Mike Tyson
100%
Neil First man to walk on the moon Neil Armstrong
100%
Oliver Lord Protector of England Oliver Cromwell
100%
Paul Beatles member Paul McCartney
100%
Founded a fashion company Ralph Lauren
100%
Richard He went down after theWatergate scandal Richard Nixon
100%
Roger Greatest male tennis player? Roger Federer
100%
"Shaken, not shtirred", he said Sean Connery
100%
Sean Ex-husband of Madonna whowon two Oscars Sean Penn
100%
Steven "Jaws" director Steven Spielberg
100%
Inventor of the light bulb Thomas Edison
100%
Thomas Declaration of Independence Thomas Jefferson
100%
Tom "Forrest Gump" actor Tom Hanks
100%
Victor Author of "Les Misérables" Victor Hugo
100%
Vladimir Current President of Russia Vladimir Putin
100%
Folk hero and apple shooter William Tell
100%
Will Father of Willow and Jaden Will Smith
100%
Albert Discovered relativity Albert Einstein
95%
Often credited withinventing the telephone Alexander Graham Bell
95%
Designer jeans namesake Calvin Klein
95%
Donald He beat Hillary Clinton to become the U.S. president Donald Trump
95%
Joseph He ruled the Soviet Union with an iron fist Joseph Stalin
95%
Nelson Anti-apartheid leader Nelson Mandela
95%
Current British prime minister Boris Johnson
94%
Danny 4'10" actor Danny DeVito
94%
"Nineteen Eighty-Four" George Orwell
94%
Kurt Nirvana lead singer Kurt Cobain
94%
Matt He co-wrote and starred in "Good Will Hunting" Matt Damon
94%
Michael "King of Pop" Michael Jackson
94%
He lost by 537 votes(or maybe just 1) Al Gore
93%
He was Michael Corleone Al Pacino
93%
Alter-ego of Batman Bruce Wayne
93%
Charles Discovered evolution Charles Darwin
93%
David "Bend it" like this David David Beckham
93%
Harry FDR's successor Harry S. Truman
93%
Justin Singer with over90 million Twitter followers Justin Bieber
93%
Canadian Prime Minister Justin Trudeau
93%
Mark Facebook CEO Mark Zuckerberg
93%
Nicolas "Ghost Rider" actor Nicolas Cage
93%
Ryan He starred in three movie with Emma Stone Ryan Gosling
93%
Simon "Liberator" of South America during the 19th century Simon Bolivar
93%
Daniel "Robinson Crusoe" author Daniel Defoe
92%
Gordon "Hell's Kitchen" chef Gordon Ramsay
92%
Jack "The Shining" actor Jack Nicholson
92%
Victorian London serial killer Jack the Ripper
92%
He collected fairy tales with his brother Jacob Grimm
92%
The man in black whowalked the line Johnny Cash
92%
Johnny Played Edward Scissorhands Johnny Depp
92%
Founded a fashion company Louis Vuitton
92%
Martin Protestant Reformation Martin Luther
92%
Oscar Gay Irish playwright Oscar Wilde
92%
Ray World famous blind pianist Ray Charles
92%
Movie star brother of Owen Luke Wilson
91%
Patrick "Dirty Dancing" star Patrick Swayze
91%
Ralph Lord Voldemort, the actor Ralph Fiennes
91%
Best three-point shooter of all-time Stephen Curry
90%
Stephen Wheelchair-bound physicist Stephen Hawking
90%
Greatest horror writer Stephen King
90%
Arnold Bodybuilder who became thegovernor of California Arnold Schwarzenegger
89%
Diego "Hand of God" goalscorer Diego Maradona
89%
Phil Sang "In the Air Tonight" Phil Collins
89%
William Playwright known as "The Bard" William Shakespeare
89%
Notable Scottish rebel William Wallace
89%
"Star Wars" creator George Lucas
88%
Won 8 gold medals in 2008 Michael Phelps
88%
Starred both as Dr. Evil and Austin Powers Mike Myers
88%
Orphan who would like somemore porridge Oliver Twist
88%
Played as Derek Zoolander Ben Stiller
87%
Glam rocker who died in 2016 David Bowie
87%
Played as Aquaman Jason Momoa
87%
Portrayed Deadpool Ryan Reynolds
87%
Andy He painted soup cans Andy Warhol
86%
"Dancing in the Dark" singernicknamed "the Boss" Bruce Springsteen
86%
Escape stunt performer Harry Houdini
86%
Orphan who attends Hogwartsand befriends Hermione Harry Potter
86%
Jimmy Peanut farmer Jimmy Carter
86%
Anthony He was Hannibal Lecter Anthony Hopkins
85%
Franz Archduke assassinated in 1914 Franz Ferdinand
85%
Henry Assembly line pioneer Henry Ford
85%
Playboy founder Hugh Hefner
85%
Ivan First tsar of Russia Ivan the Terrible
85%
Jesse Won 4 gold medals in 1936 Jesse Owens
85%
Chief Nazi propagandist Joseph Goebbels
85%
Drug lord of Medellín Pablo Escobar
85%
Pablo Cubist painter Pablo Picasso
85%
"It's Not Unusual" to like this Welsh singer Tom Jones
84%
Prime Minister of Israel, 2009-2021 Benjamin Netanyahu
83%
First black Secretary of State Colin Powell
83%
James Bond actor who ismarried to Rachel Weisz Daniel Craig
83%
Yabba, dabba, doo! Fred Flintstone
83%
Hugo Venezuelan leader, 2002-2013 Hugo Chávez
83%
Co-founder of a luxury carbrand starting with "Aston" Lionel Martin
83%
"Endless Love" singer Lionel Richie
83%
"Family Guy" patriarch Peter Griffin
83%
Son of Clint, also an actor Scott Eastwood
83%
Steve Apple founder Steve Jobs
83%
Actor from "The Great Escape" and "Bullitt" Steve McQueen
83%
Christopher “Discovered” America and enslaved thousands of natives Christopher Columbus
82%
Guy Gunpowder plotter Guy Fawkes
82%
Amazon CEO Jeff Bezos
81%
Friends star of Joey Matt LeBlanc
81%
Andre He rivalled Pete Sampras andmarried Steffi Graf Andre Agassi
80%
Created Sherlock Holmes Arthur Conan Doyle
80%
Billy "Piano Man" singer Billy Joel
80%
French president, 1959-1969 Charles de Gaulle
80%
Namesake of a French luxury brand Christian Dior
80%
Dick George W. Bush's VP Dick Cheney
80%
"Marry Poppins" star who hadhis own TV sitcom Dick Van Dyke
80%
Portrayed Newt Scamanderin "Fantastic Beasts" series Eddie Redmayne
80%
Edmund Legendary mountaineer Edmund Hillary
80%
Frank Crooner called Ol' Blue Eyes Frank Sinatra
80%
Creator of James Bond Ian Fleming
80%
Comedian and "Jumanji" actor Kevin Hart
80%
Cleopatra's lover Mark Antony
80%
"Ride of the Valkyries" Richard Wagner
80%
Archer of the Sherwood Forest Robin Hood
80%
Robin "Dead Poet Society" actor Robin Williams
80%
"Superbad" actor Seth Rogen
80%
Fictional doctor who re-animated a corpse Victor Frankenstein
80%
Al Scarfaced gangster Al Capone
79%
Alexander Lost a duel to a vice president Alexander Hamilton
79%
Calvin Taciturn U.S. president Calvin Coolidge
79%
Former NSYNC member Justin Timberlake
79%
Tim Director who collaborated withJohnny Depp many times Tim Burton
79%
7x Super Bowl champion Tom Brady
79%
Edgar "The Tell-Tale Heart" author Edgar Allan Poe
78%
Liam Main star of "Taken" Liam Neeson
78%
Former One Direction member Liam Payne
78%
Roman Fugitive "The Pianist" director Roman Polanski
78%
Won to Golden Globes forportraying Dr. Gregory House Hugh Laurie
77%
Train robber shot in the back Jesse James
77%
Johannes Printing press inventor whofirst printed the Bible Johannes Gutenberg
77%
Guitarist of the Rolling Stoneswho co-wrote their songs Keith Richards
76%
Seven-times Formula One champion Michael Schumacher
76%
Zimbabwean dictator Robert Mugabe
76%
Woody Director of "Annie Hall" Woody Allen
76%
Namesake of a fashion housethat also produces perfumes Hugo Boss
75%
“Discovered" Hawaii andeastern Australia James Cook
75%
Jeff Actor who played "The Dude" Jeff Bridges
75%
Developed a process for making milk safer Louis Pasteur
75%
Trump's vice president Mike Pence
75%
Peter He is credited with westernizing Russia Peter the Great
75%
Ron Hermione Granger' boyfriend Ron Weasley
75%
Real name of Puff Daddy Sean Combs
74%
Played as Star-Lord Chris Pratt
73%
Comedic parody filmmaker Mel Brooks
73%
Mel First actor of "Mad Max" series Mel Gibson
73%
Conservative president of France, 2007-2012 Nicolas Sarkozy
73%
Samuel Namesake of a .45 revolver Samuel Colt
73%
Aerosmith lead singer Steven Tyler
73%
"Anchorman" star Will Ferrell
73%
Adam Former SNL cast member whostarred in "Grown Ups" Adam Sandler
71%
2x British tennis champion Andy Murray
71%
"The Mask of Zorro" actor Antonio Banderas
71%
Maroon 5 lead vocalist Adam Levine
71%
George Lived on his plantation namedMount Vernon George Washington
71%
Actor who portrayed Spock in the Star Trek franchise Leonard Nimoy
71%
"The Satanic Verses" author Salman Rushdie
71%
Blunt "American Idol" judge Simon Cowell
71%
Bolshevik leader whose reallast name was Ulyanov Vladimir Lenin
71%
Vampire hunter of Bram Stoker's "Dracula" Abraham Van Helsing
70%
Author of "Ulysses" James Joyce
70%
Tony UK Prime Minister, 1997-2007 Tony Blair
70%
American celebrity chef Anthony Bourdain
69%
Caribbean privateer and rum brand namesake Henry Morgan
69%
He could make a dog salivate just by ringing a bell Ivan Pavlov
69%
Jeremy Presenter of Top Gear Jeremy Clarkson
69%
Johann "Brandenburg Concertos" Johann S. Bach
69%
Juan Dictator who married to Evita Juan Perón
69%
Famous Texas senator Ted Cruz
69%
Alex Who is a game show host? Alex Trebek
67%
Golfer with a namesake drink Arnold Palmer
67%
Only African-American man to win Wimbledon Arthur Ashe
67%
Ben Star and director of "Argo" Ben Affleck
67%
Jewish conservative commentator who talks fast Ben Shapiro
67%
Carlos "Oye Como Va" guitarist Carlos Santana
67%
His tears cure cancer, too bad he has never cried Chuck Norris
67%
Scottish explorer of Africa during the 19th century David Livingstone
67%
Eddie "Coming to America" star Eddie Murphy
67%
Fred Partner of Ginger Rogers Fred Astaire
67%
UK prime minister, 2007-2010 Gordon Brown
67%
Jason Super spy who loses his memory and goes rogue Jason Bourne
67%
Tom Cruise movie namesake Jerry Maguire
67%
Jon "Livin' on a Prayer" singer Jon Bon Jovi
67%
Larry Boston Celtics legend Larry Bird
67%
Brother of Chris and Luke whomarried Miley Cyrus Liam Hemsworth
67%
Lionel Seven-time Ballon d'Or winner Lionel Messi
67%
Louis Made blind people's alphabet Louis Braille
67%
Author whose real name wasSamuel Clemens Mark Twain
67%
U.S. president who spoke Dutch as his first language Martin Van Buren
67%
Matthew Actor who says "Alright, alright, alright" Matthew McConaughey
67%
"Sweet Caroline" singer Neil Diamond
67%
Omar "Doctor Zhivago" star Omar Sharif
67%
Star of "Lawrence of Arabia" Peter O'Toole
67%
Sebastian Four-time F1 champion Sebastian Vettel
67%
Antonio "Four Seasons" composer Antonio Vivaldi
65%
Don't tell his heart, his achy-breaky heart Billy Ray Cyrus
65%
"Dark Knight" trilogy director Christopher Nolan
65%
Winnie-the-Pooh's friend Christopher Robin
65%
Keith Nicole Kidman's husband Keith Urban
65%
Robert New York senator, 1965-1968 Robert F. Kennedy
65%
Led Scotland to independence from England in the 1300s Robert the Bruce
65%
Broke baseball's color barrier Jackie Robinson
64%
The Tonight Show host Jimmy Fallon
64%
"Looney Tunes" voice actorwith a "white French" surname Mel Blanc
64%
Actor who made seven appearances as James Bond Roger Moore
64%
"Shaun of the Dead" actor Simon Pegg
64%
Bobby Greatest chess player ever? Bobby Fischer
63%
7x Wimbledon winner Boris Becker
63%
Boris First Russian leader to be elected democratically Boris Yeltsin
63%
Ferdinand History's first circumnavigator Ferdinand Magellan
63%
Starred in "The Fly" and "Jurassic Park" Jeff Goldblum
63%
Creator of the Simpsons Matt Groening
63%
As a child: Opie.As adult: movie director Ron Howard
63%
Nixon's Secretary of State Henry Kissinger
62%
R&B singer and voice of Cheffrom "South Park" Isaac Hayes
62%
Jerry Had a TV show about nothing Jerry Seinfeld
62%
Chuck "Roll Over Beethoven" Chuck Berry
61%
Host of the most popular podcast in the United States Joe Rogan
61%
Flew non-stop from New York to Paris in 1927 Charles Lindbergh
60%
Dan VP of George W. Bush and potato misspeller Dan Quayle
60%
High jump "flopper" Dick Fosbury
60%
Ian Actor of Gandalf Ian McKellen
60%
The Muppets creator Jim Henson
60%
Bueller... Bueller... Matthew Broderick
60%
Miguel "Don Quixote" author,greatest Spanish writer Miguel de Cervantes
60%
Philip Actor who played as Capote,no relations to Dustin Philip Seymour Hoffman
60%
Seth Creator of Family Guy Seth MacFarlane
60%
The Joy of Painting host Bob Ross
59%
Manuel Dictator of Panama, 1983-89 Manuel Noriega
59%
Led settlers into Kentucky Daniel Boone
58%
French national team's captain Hugo Lloris
58%
Wrote "Fahrenheit 451" Ray Bradbury
58%
Actor of Winter Soldier,(hint: Persian suffix for country) Sebastian Stan
58%
"The Crocodile Hunter" Steve Irwin
58%
Actor who portrayed Kylo Ren Adam Driver
57%
The second Spiderman actor Andrew Garfield
57%
First black Oscars Best Actor Sidney Poitier
57%
The greatest theologian of the Catholic Church Thomas Aquinas
57%
Canadian fast food namesake Tim Horton
57%
The People vs. Larry Flynt Woody Harrelson
57%
Manchester United managerwho was knighted in 1999 Alex Ferguson
56%
Casino robber with ten associates Danny Ocean
56%
Joel's directing brother Ethan Coen
56%
"Godfather" director and uncle to Nicolas Cage Francis Ford Coppola
56%
"Rocky Mountain High" John Denver
56%
Oracle founder and yachting enthusiast Larry Ellison
56%
He founded CNN and married Jane Fonda Ted Turner
56%
Piano virtuoso who composed "Hungarian Rhapsody" Franz Liszt
55%
Jacques French president, 1995-2007 Jacques Chirac
55%
Undersea explorer Jacques Cousteau
55%
James He rebelled without a cause James Dean
55%
Jello pudding endorser Bill Cosby
54%
Friedrich "The Communist Manifesto" Friedrich Engels
54%
"God is dead" he said Friedrich Nietzsche
54%
Former Labour Party leader Jeremy Corbyn
54%
"The Blue Danube" Johann Strauss
54%
"Dick Tracy" and "Reds" actor Warren Beatty
54%
"Oracle of Omaha" billionaire Warren Buffett
54%
He was a Conehead Dan Aykroyd
53%
Orson "Citizen Kane" director / star Orson Welles
53%
Founder of Virgin Richard Branson
53%
New York governor who resigned in 2021 Andrew Cuomo
52%
"Fight Club" actor Edward Norton
50%
2013 NSA whistleblower Edward Snowden
50%
Ethan "Before Sunset" actor Ethan Hawke
50%
Francisco Spain dictator Francisco Franco
50%
Conquered the Incas Francisco Pizarro
50%
Francis Elizabethan circumnavigator Francis Drake
50%
"The Metamorphosis" author Franz Kafka
50%
Wall Street tycoon who saysgreed is good Gordon Gekko
50%
Hermann Nazi leader of the Luftwaffe Hermann Göring
50%
Luis Footballer who bites others Luis Suárez
50%
"Heart of Gold" singer who was
called "Godfather of Grunge"
Neil Young
50%
Director of "JFK" and "Platoon" Oliver Stone
50%
Florida's governor since 2019 Ron DeSantis
50%
Ted The Unabomber Ted Kaczynski
50%
Andrew U.S. steel tycoon Andrew Carnegie
48%
Folk singer who wrote "This Land Is Your Land" Woody Guthrie
48%
Aaron U.S. vice president / duelist Aaron Burr
47%
Huge French pro wrestler Andre the Giant
47%
Hey Mr. Tambourine man,play a song for him Bob Dylan
47%
Well-known British DJ whomTaylor Swift once dated Calvin Harris
47%
Jazz musician called "Bird" Charlie Parker
47%
Manic celebrity who was"Duh, winning" Charlie Sheen
47%
Lead vocalist of Pearl Jam Eddie Vedder
47%
Longest-serving French President François Mitterrand
47%
Bandmate of Lake and Palmer Keith Emerson
47%
Leonard Dance him to the end of love Leonard Cohen
47%
He patented the telegraph Samuel Morse
47%
Chief Medical Advisor to the U.S. President Anthony Fauci
46%
Famous Austrian economist(shares last names with Salma) Friedrich Hayek
46%
Gulf War general nicknamed"Stormin' Norman" Norman Schwarzkopf
46%
Captain Jean-Luc Picard Patrick Stewart
45%
Notable transcendentalist, middle name Waldo Ralph Waldo Emerson
45%
Director of "Skyfall", "1917"and "American Beauty" Sam Mendes
45%
Steroidal shortstop Alex Rodriguez
44%
Possibly history's secondmost-famous psychiatrist Carl Jung
44%
He broke the sound barrier Chuck Yeager
44%
"Baby Driver" director Edgar Wright
44%
German inventor of a hydrogen filled airship Ferdinand vonZeppelin
44%
Loinclothed, high-kicking martial artist Jean-ClaudeVan Damme
44%
U.S. president who said"Facts are stubborn things" John Adams
44%
Longest-reigning WWE Universal Champion Roman Reigns
44%
Star of a TV show set in Mayberry Andy Griffith
43%
"Despacito" singer Luis Fonsi
43%
Rick "Honey, I Shrunk the Kids" star Rick Moranis
43%
"Lolita" author Vladimir Nabokov
43%
Jewish-British prime minister Benjamin Disraeli
42%
Known as Childish Gambino Donald Glover
42%
"Mad Men" actor Jon Hamm
42%
Pedro Played the Mandalorian Pedro Pascal
42%
"Lefty" who became the oldestgolf champion at age 50 Phil Mickelson
42%
Portrayed Jesse Pinkman Aaron Paul
41%
Haitian dictator aka "Papa Doc" François Duvalier
41%
West Side Story composer Leonard Bernstein
41%
Germany's top goalkeeper Manuel Neuer
41%
Rudolf Namesake of a type of fuel Rudolf Diesel
41%
Deputy to Hitler Rudolf Hess
41%
"The Stranger" author Albert Camus
40%
Former Outkast rapper Andre 3000
40%
Arthur Duke of Wellington Arthur Wellesley
40%
Frequent Oscars host Billy Crystal
40%
Greg Golfer called "The Shark" Greg Norman
40%
George Costanza, in Seinfeld Jason Alexander
40%
"Heart of Darkness" author Joseph Conrad
40%
Utah Jazz legend known as “The Mailman” Karl Malone
40%
Author of Blade Runner* Philip K. Dick
40%
Irish playwright who wrote "Waiting for Godot" Samuel Beckett
40%
Only wrestler to hold all threeof WWE's current top titles Seth Rollins
40%
Martial arts star of "Under Siege" Steven Seagal
40%
Scarface protagonist Tony Montana
40%
First king of modern Italy Victor Emmanuel II
40%
Impressionist painter and sculptor of dancing girls Edgar Degas
39%
"Thrilla in Manila" loser Joe Frazier
39%
Carl Author of "Cosmos" Carl Sagan
38%
Filipino president, 1965-1986 Ferdinand Marcos
38%
Wrote the U.S. national anthem Francis Scott Key
38%
"Big Three" sci-fi writer Isaac Asimov
38%
Former pro wrestler whobecame Minnesota's governor Jesse Ventura
38%
"Slaughterhouse-Five" author Kurt Vonnegut
38%
Warren U.S. president who died of a heart attack Warren G. Harding
38%
Greatest Russian poet Alexander Pushkin
37%
Nazi leader whom Mossad captured in Argentina in 1960 Adolf Eichmann
36%
Teamsters leader who was last seen in 1975 Jimmy Hoffa
36%
Top football scorer for Portugalbefore Ronaldo Luis Figo
36%
Revolutionary War spy Nathan Hale
36%
Singer who is used to Rickroll people Rick Astley
36%
Cowboy and humorist who was"Oklahoma's Favorite Son" Will Rogers
36%
Composer called the"Dean of American Composers" Aaron Copland
35%
"Memento" star Guy Pearce
35%
3x F1 champion from Brazil Nelson Piquet
35%
Batman's butler Alfred Pennyworth
33%
49er who refused to stand for the U.S. national anthem Colin Kaepernick
33%
CBS news anchor Dan Rather
33%
Edward English pirate who was known as Blackbeard Edward Teach
33%
Greatest Spanish painterin the 18th century Francisco Goya
33%
Actor who portrayed Kevinin "The Wonder Years" Fred Savage
33%
Jacob Former South African president Jacob Zuma
33%
Jean Actor who played "Léon" Jean Reno
33%
Composer of "Finlandia" Jean Sibelius
33%
Director of "Iron Man" whostarred as Happy Hogan Jon Favreau
33%
Google co-founder Larry Page
33%
Boxer called the "Golden Boy" Oscar De La Hoya
33%
Famous fashion designerwith initials ODLR Oscar de la Renta
33%
He built the McDonald'sfranchise Ray Kroc
33%
Chelsea football owner Roman Abramovich
33%
Reagan's 1984 opponent whoonly won his home state (+DC) Walter Mondale
33%
Bruins player who won theArt Ross trophy in 1975/70 Bobby Orr
32%
"Half Baked" actorand stand-up comedian Dave Chappelle
31%
1980s Czech tennis great Ivan Lendl
31%
"Hungarian Dance" composer Johannes Brahms
31%
King of Spain, 1975-2014 Juan Carlos I
31%
Nobel winner in Chemistry and Peace Linus Pauling
31%
Nobel Prize winning poet who wrote in green ink Pablo Neruda
31%
The voice of Yoda Frank Oz
30%
Founder of Walmart Sam Walton
30%
Founder of Ireland's largest airline Tony Ryan
30%
Honeymooners star called "The Great One" Jackie Gleason
29%
Ken 74x Jeopardy Champion Ken Jennings
29%
Author of "One Flew Over the Cuckoo's Nest" Ken Kesey
29%
"Mission Impossible" movie protagonist Ethan Hunt
28%
According to Jim actor Jim Belushi
27%
American Idol judge whosand "Country Girl" Luke Bryan
27%
Los Angeles Rams QB Matthew Stafford
27%
Current leader of Venezuela Nicolas Maduro
27%
Give liberty or give deathto this Founding Father Patrick Henry
27%
"Mack the Knife" singer Bobby Darin
26%
Former world's richest person Carlos Slim
25%
"Slumdog Millionaire" director Danny Boyle
25%
Australian Olympic swimmer compared to a torpedo Ian Thorpe
25%
Author of "The Call of the Wild"and "White Fang" Jack London
25%
The Tonight Show Starring ... Johnny Carson
25%
Quarterback of St. Louis Ramsand Arizona Cardinals Kurt Warner
25%
Australian prime minister Scott Morrison
25%
Scott There is a movie about thisguy, vs. the world Scott Pilgrim
25%
Walter He tried to find El Dorado Walter Raleigh
25%
François French president, 2012-2017 François Hollande
24%
President of the Philippines and namesake of a city Manuel Quezon
24%
Basketball sensation for theKnicks in 2012 Jeremy Lin
23%
"Girl with a Pearl Earring" Johannes Vermeer
23%
Author of "Faust" and "Egmont" Johann Wolfgang von Goethe
23%
Norman "Saturday Evening Post" Norman Rockwell
23%
Russian ballet dancer who defected to France in 1961 Rudolf Nureyev
23%
Painter who traveled to Tahiti Paul Gauguin
22%
Movie star and salad dressing tycoon Paul Newman
22%
Nathan Confederate general called"The Wizard of the Saddle" Nathan Bedford Forrest
21%
California governor, 2000-2015 Rick Perry
21%
Bollywood actor, basic surname Salman Khan
21%
Religious quarterback Tim Tebow
21%
Nazi Minister of Munitions and chief architect Albert Speer
20%
"Captain America" footballer Christian Pulisic
20%
Governor of Texas since 2015who uses a wheelchair Greg Abbott
20%
Briefly succeeded Adolf Hitler Karl Dönitz
20%
"Slim Reaper" of the Nets Kevin Durant
20%
Los Angeles Chargers QB Philip Rivers
20%
All-time Dutch top scorer in the national team Robin van Persie
20%
Sam First President of Texas Sam Houston
20%
Lakers star whose silhouette is the NBA logo Jerry West
19%
Adidas founder Adolf Dassler
18%
Chanson singer who died in 1978 in Polynesia Jacques Brel
18%
Pink Floyd co-founder Roger Waters
18%
Edward Cullen's romantic rival Jacob Black
17%
Sudanese dictator, 1993-2019 Omar al-Bashir
17%
Normandy general who wasnicknamed "the G.I.'s General" Omar Bradley
17%
Former chancellor of Austria Sebastian Kurz
17%
Writer of "Ivanhoe" Walter Scott
17%
Led the first European expedition to Florida Juan Ponce de León
15%
New York governor who wasGerald Ford's VP Nelson Rockefeller
15%
"Siddhartha" author with aGerman state for a last name Hermann Hesse
14%
Sidney Only teenager to lead NHL in scoring Sidney Crosby
14%
"12 Angry Men" director Sidney Lumet
14%
"Father of modern taxonomy" Carl Linnaeus
13%
"Crash into" this jam singer Dave Matthews
13%
He fixed the 1919 World Series Arnold Rothstein
11%
Court painter of King Philip IV during the 17th century Diego Velázquez
11%
Greatest cricketer of all time Donald Bradman
11%
Host of "Dr. Phil" talk show Phil McGraw
11%
Architect who designed theGuggenheim in Bilbao Frank Gehry
10%
Famous Detroit Tigers slugger Miguel Cabrera
10%
5x Tour de France winner Miguel Induráin
10%
"Like a Stone" singer Chris Cornell
9%
He has a security blanket Linus Van Pelt
8%
Spain's P.M. since 2018 Pedro Sánchez
8%
Famous Fox News host Greg Gutfeld
7%
"The Last Samurai" actor Ken Watanabe
7%
6x gold medalist swimmer Ryan Lochte
7%
Salman Full name of the currentKing of Saudi Arabia Salman bin Abdulaziz Al Saud
7%
Current Secretary-Generalof the U.N. Antonio Guterres
6%
Dave Founder of Wendy's Dave Thomas
6%
Frida Kahlo's husband Diego Rivera
6%
Winner of the Australian Idolwho sand "Battle Scars" Guy Sebastian
6%
"Ender's Game" author Orson Scott Card
6%
Created the first modern atlas Abraham Ortelius
0%
Football manager of Portugal, Iran, and Colombia Carlos Queiroz
0%
18th century Irish philosopher and French Revolution opposer Edmund Burke
0%
Serial killer aka "Co-ed Killer" Edmund Kemper
0%
Ski racer called "Herminator" Hermann Maier
0%
Linus Creator of the Linux system Linus Torvalds
0%
Figure skating gold medalist Nathan Chen
0%
"Green Revolution" scientist Norman Borlaug
0%
Game show host who was"famous for being famous" Orson Bean
0%
First European to "discover" Brazil Pedro Álvares Cabral
0%
No matching quizzes found
Score Distribution
Percent of People with Each Score
Percentile by Number Answered
Your Score History
You have not taken this quiz